El enigma del don / (Record no. 16615)

MARC details
000 -LEADER
campo de control de longitud fija 00840nam a2200289 i 4500
001 - NÚMERO DE CONTROL
campo de control 16615
003 - IDENTIFICADOR DE NÚMERO DE CONTROL
campo de control ES-MaACL
005 - FECHA Y HORA DE LA ÚLTIMA TRANSACCIÓN
campo de control 20230906151348.0
007 - CAMPO FIJO DE DESCRIPCIÓN FÍSICA--INFORMACIÓN GENERAL
campo de control de longitud fija t|
008 - DATOS DE LONGITUD FIJA--INFORMACIÓN GENERAL
campo de control de longitud fija 001019s1998 sp ||||0| spa j
020 ## - NÚMERO INTERNACIONAL ESTÁNDAR DEL LIBRO
Número Internacional Estándar del Libro 84-493-0525-X
040 ## - FUENTE DE CATALOGACIÓN
Centro catalogador/agencia de origen M-BN
Lengua de catalogación spa
Centro/agencia transcriptor M-BN
080 ## - NÚMERO DE LA CLASIFICACIÓN DECIMAL UNIVERSAL
Número de la Clasificación Decimal Universal 316.2 Mauss, Marcel
080 ## - NÚMERO DE LA CLASIFICACIÓN DECIMAL UNIVERSAL
Número de la Clasificación Decimal Universal 39(954)
100 1# - ENTRADA PRINCIPAL--NOMBRE DE PERSONA
Nombre de persona Godelier, Maurice.
9 (RLIN) 57517
245 13 - MENCIÓN DEL TÍTULO
Título El enigma del don /
Mención de responsabilidad, etc. Maurice Godelier.
250 ## - MENCION DE EDICION
Mención de edición 1ª ed.
260 ## - PUBLICACIÓN, DISTRIBUCIÓN, ETC.
Lugar de publicación, distribución, etc. Barcelona :
Nombre del editor, distribuidor, etc. Paidós Ibérica,
Fecha de publicación, distribución, etc. 1998.
300 ## - DESCRIPCIÓN FÍSICA
Extensión 315 p. ;
Dimensiones 22 cm.
490 1# - MENCIÓN DE SERIE
Mención de serie Paidós básica ;
Designación de volumen o secuencia 93
600 14 - PUNTO DE ACCESO ADICIONAL DE MATERIA--NOMBRE DE PERSONA
Nombre de persona Mauss, Marcel.
Título de la obra Essai sur le don.
9 (RLIN) 79285
650 14 - PUNTO DE ACCESO ADICIONAL DE MATERIA--TÉRMINO DE MATERIA
Término de materia o nombre geográfico como elemento de entrada Ritos y ceremonias-
Subdivisión geográfica Papúa y Nueva Guinea.
9 (RLIN) 16919
830 0# - PUNTO DE ACCESO ADICIONAL DE SERIE-TÍTULO UNIFORME
Título uniforme Paidós básica ;
Designación de volumen o secuencia 93
9 (RLIN) 178397
852 ## - LOCALIZACIÓN
Ubicación ES-MaACL
Número de control de estantería L-23848
Sublocalización o colección R.128646
Holdings
Estatus retirado Estado de pérdida Estado de daño No para préstamo Biblioteca de origen Biblioteca actual Ubicación en estantería Fecha de adquisición Fuente de adquisición Total de préstamos Signatura topográfica completa Código de barras Visto por última vez Precio de reemplazo Tipo de ítem Koha
        Biblioteca del Ateneo de Madrid Biblioteca del Ateneo de Madrid Depósito 2 17/01/2008     L-23848 1016877 23/02/2023 23/02/2023 Libro impreso